Matemáticos madrileños / (Record no. 16727)
[ view plain ]
| 000 -LEADER | |
|---|---|
| campo de control de longitud fija | 01828nam a2200325 i 4500 |
| 001 - NÚMERO DE CONTROL | |
| campo de control | 16727 |
| 003 - IDENTIFICADOR DE NÚMERO DE CONTROL | |
| campo de control | ES-MaACL |
| 005 - FECHA Y HORA DE LA ÚLTIMA TRANSACCIÓN | |
| campo de control | 20250903025257.0 |
| 007 - CAMPO FIJO DE DESCRIPCIÓN FÍSICA--INFORMACIÓN GENERAL | |
| campo de control de longitud fija | t| |
| 008 - DATOS DE LONGITUD FIJA--INFORMACIÓN GENERAL | |
| campo de control de longitud fija | 001027s2000 sp a |||| |cspa d |
| 020 ## - NÚMERO INTERNACIONAL ESTÁNDAR DEL LIBRO | |
| Número Internacional Estándar del Libro | 84-207-1248-5 |
| 080 ## - NÚMERO DE LA CLASIFICACIÓN DECIMAL UNIVERSAL | |
| Número de la Clasificación Decimal Universal | 929(460.27):51 |
| 080 ## - NÚMERO DE LA CLASIFICACIÓN DECIMAL UNIVERSAL | |
| Número de la Clasificación Decimal Universal | 51(091) |
| 245 00 - MENCIÓN DEL TÍTULO | |
| Título | Matemáticos madrileños / |
| Mención de responsabilidad, etc. | María del Carmen Escribano Ródenas (coord.). |
| 260 ## - PUBLICACIÓN, DISTRIBUCIÓN, ETC. | |
| Lugar de publicación, distribución, etc. | Madrid : |
| Nombre del editor, distribuidor, etc. | Grupo Anaya, |
| Fecha de publicación, distribución, etc. | 2000. |
| 300 ## - DESCRIPCIÓN FÍSICA | |
| Extensión | 255 p. : |
| Otras características físicas | il. ; |
| Dimensiones | 23 cm. |
| 504 ## - NOTA DE BIBLIOGRAFÍA, ETC. | |
| Nota de bibliografía, etc. | Referencias bibliográficas. |
| 505 8# - NOTA DE CONTENIDO CON FORMATO | |
| Nota de contenido con formato | Contiene: Matemáticos a la madrileña (prólogo algo subversivo) / por José Javier Etayo Miqueo . El matemático y astrónomo andalusí Maslama "el Madrileño" / por Mª del Carmen Escribano Ródenas . Matemáticas y academias en el Madrid de los Austrias / por Mariano Esteban Piñeiro . Caramuel y la revolución en las matemáticas del siglo XVII / por Santiago Garma Pons . El final de las matemáticas del siglo XIX: Echegaray / por Santiago Garma Pons . La matemática madrileña en el panorama español de 1800 a 1936 / por F. Javier Peralta Coronado . Miguel Vegas, la pasión por la geometría / por José Manuel Vegas Montaner |
| 505 8# - NOTA DE CONTENIDO CON FORMATO | |
| Nota de contenido con formato | Con información sobre el Ateneo de Madrid y la Asociación Española para el Progreso de las Ciencias |
| 610 24 - PUNTO DE ACCESO ADICIONAL DE MATERIA--NOMBRE DE ENTIDAD CORPORATIVA | |
| Nombre de entidad corporativa o nombre de jurisdicción como elemento de entrada | Ateneo de Madrid. |
| 9 (RLIN) | 1875 |
| 610 24 - PUNTO DE ACCESO ADICIONAL DE MATERIA--NOMBRE DE ENTIDAD CORPORATIVA | |
| Nombre de entidad corporativa o nombre de jurisdicción como elemento de entrada | Asociación Española para el Progreso de las Ciencias. |
| 9 (RLIN) | 1705 |
| 650 #4 - PUNTO DE ACCESO ADICIONAL DE MATERIA--TÉRMINO DE MATERIA | |
| Término de materia o nombre geográfico como elemento de entrada | Matemáticos- |
| Subdivisión geográfica | Madrid- |
| Subdivisión general | Biografías |
| 9 (RLIN) | 14841 |
| 650 #4 - PUNTO DE ACCESO ADICIONAL DE MATERIA--TÉRMINO DE MATERIA | |
| Término de materia o nombre geográfico como elemento de entrada | Matemáticas- |
| Subdivisión geográfica | España- |
| Subdivisión de forma | Historia |
| 9 (RLIN) | 14823 |
| 700 1# - ENTRADA AGREGADA--NOMBRE PERSONAL | |
| Nombre de persona | Escribano Ródenas, María del Carmen. |
| 9 (RLIN) | 47641 |
| 700 1# - ENTRADA AGREGADA--NOMBRE PERSONAL | |
| Nombre de persona | Esteban Piñeiro, M. |
| 9 (RLIN) | 48068 |
| 700 1# - ENTRADA AGREGADA--NOMBRE PERSONAL | |
| Nombre de persona | Garma, Santiago |
| 9 (RLIN) | 55574 |
| 852 ## - LOCALIZACIÓN | |
| Ubicación | ES-MaACL |
| Número de control de estantería | L-23859 |
| Nota libre | - Dedicatoria autógrafa de Santiago Garma |
| -- | - Donat. de Santiago Garma |
| 942 ## - ELEMENTOS DE ENTRADA SECUNDARIOS (KOHA) | |
| Fuente del sistema de clasificación o colocación | Clasificación decimal universal |
| Estatus retirado | Estado de pérdida | Fuente del sistema de clasificación o colocación | Estado de daño | No para préstamo | Colección | Biblioteca de origen | Biblioteca actual | Ubicación en estantería | Fecha de adquisición | Total de préstamos | Signatura topográfica completa | Código de barras | Visto por última vez | Precio de reemplazo | Tipo de ítem Koha | Nota pública |
|---|---|---|---|---|---|---|---|---|---|---|---|---|---|---|---|---|
| Clasificación decimal universal | Libros con dedicatorias | Biblioteca del Ateneo de Madrid | Biblioteca del Ateneo de Madrid | Depósito 2 | 17/01/2008 | L-23859 | 1016989 | 23/02/2023 | 23/02/2023 | Libro impreso | Dedicatoria autógrafa del autor |
